| 000 | 00998nam a22002897a 4500 | ||
|---|---|---|---|
| 003 | CHAP | ||
| 005 | 20240213062703.0 | ||
| 008 | 971013s1985 r 00010 d | ||
| 010 | _a49918 | ||
| 011 | _a50890 | ||
| 035 | _a55040 | ||
| 040 | _cCHAP | ||
| 090 | _aTesis | ||
| 100 | 0 | 0 |
_aVillarreal Garza, Ricardo. _9119601 |
| 245 | _aEvaluación de la conversión de un agostadero, bosques tropical caducifolio (Rzedwski), a praderas de zacate estrella africana (Cynodon plectostachyus) | ||
| 260 |
_a(Monterrey, N.L.) : _bEl autor, _c1985 |
||
| 300 | _a44 h. | ||
| 502 | _aTesis (Ing. Agrónomo Zootecnista) -- ITESM. División de Ciencias Agropecuarias y Marítimas | ||
| 590 |
_aALEPH _b10 _c20130110 _lUCH01 _h1323 |
||
| 590 |
_aBATCH-UPD _b10 _c20130110 _lUCH01 _h1519 |
||
| 590 |
_aCONVERSION _b10 _c20130109 _lUCH01 _h1327 |
||
| 650 | 1 | 7 |
_aCynodon nlemfuensis _2 _930799 |
| 650 | 1 | 4 |
_aPraderas. _991230 |
| 901 | _aBK | ||
| 942 | _cTESIS | ||
| 949 |
_bBC _cTES _d-121043 _eTS1 _h17763 _i55040 _si |
||
| 999 |
_c49918 _d49918 |
||